Obchodní případ Vývoz. Pracovní postup

Gespeichert in:
Bibliographische Detailangaben
Format: Buch
Sprache:Tschechisch
Veröffentlicht: Praha Československá obchodní a průmyslová komora 1986
Tags: Tag hinzufügen
Keine Tags, Fügen Sie das erste Tag hinzu!

MARC

LEADER 00000nam a2200000 4500
001 c029982
005 20250515081801.3
041 0 |a cze 
044 |a CZ 
245 1 0 |a Obchodní případ  |b Vývoz. Pracovní postup 
264 1 |a Praha  |b Československá obchodní a průmyslová komora  |c 1986 
300 |a 3 zv.